=LDR 00000nam 2200000 4500 =001 INLIS000000000000076 =005 20150114085301.0 =006 =007 =008 Ind =035 ##$$0010-061300000000076 =041 ##$$a Ind =082 ##$$a 910.92 =090 ##$$a 910.92 Pen d =100 ##$$a Pendit, Nyoman S =245 ##$$a Di lambung Gunung Agung / Nyoman S.Pendit =260 ##$$aJakarta $bGunung Agung $c1978 =300 ##$$a 175 hlm. : ilus. ; 21 cm =650 ##$$a Perjalanan =850 ##$$a NBPDMAT